Loading...
| Science - Physics | 0 | 4 | 0 | 0 | 40 | 91 | 108.25 | 2 | 4 | 0.00 | 0.00 |
| Fine Arts - Auditory | 1 | 3 | 2 | 0 | 35 | 26 | 93.50 | 2 | 4 | 0.00 | 0.00 |
| Other Academic | 1 | 1 | 0 | 0 | 25 | 62 | 91.50 | 1 | 2 | 0.00 | 0.00 |
| Social Science | 0 | 2 | 0 | 0 | 20 | 86 | 113.00 | 0 | 2 | 0.00 | 0.00 |
| Beliefs | 0 | 2 | 0 | 1 | 20 | 80 | 112.50 | 0 | 2 | 0.00 | 0.00 |
| Science - Biology | 0 | 2 | 0 | 0 | 20 | 124 | 133.50 | 0 | 2 | 0.00 | 0.00 |
| Science - Chemistry | 0 | 2 | 0 | 0 | 20 | 65 | 97.00 | 2 | 2 | 0.00 | 0.00 |
| Other Science: Math | 0 | 2 | 0 | 0 | 20 | 77 | 104.00 | 1 | 2 | 0.00 | 0.00 |
| Ancient History and Archaeology | 0 | 1 | 0 | 0 | 10 | 105 | 105.00 | 0 | 1 | 0.00 | 0.00 |
| Literature - European | 0 | 1 | 0 | 0 | 10 | 148 | 148.00 | 0 | 1 | 0.00 | 0.00 |
| Other Arts: Auditory | 0 | 1 | 0 | 0 | 10 | 109 | 109.00 | 0 | 1 | 0.00 | 0.00 |
| Other Arts: Visual | 0 | 1 | 0 | 0 | 10 | 77 | 77.00 | 1 | 1 | 0.00 | 0.00 |
| Other Science: Computer Science | 0 | 1 | 0 | 0 | 10 | 99 | 99.00 | 0 | 1 | 0.00 | 0.00 |
| Fine Arts - Visual | 0 | 2 | 3 | 1 | 5 | 82 | 112.50 | 2 | 2 | 0.00 | 0.00 |
| History - World | 0 | 0 | 0 | 0 | 0 | 0.00 | 0 | 0 | 0.00 | 0.00 | |
| Other Science: Astronomy | 0 | 0 | 1 | 0 | -5 | 0.00 | 0 | 0 | 0.00 | 0.00 | |
| 0 | 0 | 1 | 0 | -5 | 0.00 | 0 | 0 | 0.00 | 0.00 |